书目信息 |
| 题名: |
环保设备及课程设计
|
|
| 作者: | 周敬宣 主编 | |
| 分册: | ||
| 出版信息: | 北京 化学工业出版社 2007.07 |
|
| 页数: | 256页 | |
| 开本: | 26cm | |
| 丛书名: | ||
| 单 册: | ||
| 中图分类: | X505 | |
| 科图分类: | ||
| 主题词: | 环境保护--huan jing bao hu--设备--课程设计--高等学校--教材 | |
| 电子资源: | ||
| ISBN: | 978-7-122-00690-5 | |
| 000 | 00925nam0 2200253 450 | |
| 001 | 012008046020 | |
| 005 | 20080105105133.31 | |
| 010 | @a978-7-122-00690-5@dCNY26.00 | |
| 100 | @a20080105d2007 em y0chiy0120 ea | |
| 101 | 0 | @achi |
| 102 | @aCN@b110000 | |
| 105 | @aa a 000yy | |
| 106 | @ar | |
| 200 | 1 | @a环保设备及课程设计@Ahuan bao she bei ji ke cheng she ji@f周敬宣主编@Fzhou jing xuan zhu bian |
| 210 | @a北京@c化学工业出版社@d2007.07 | |
| 215 | @a256页@c图@d26cm | |
| 300 | @a高等学校“十一五”规划教材 | |
| 320 | @a有书目 | |
| 330 | @a本书简要阐述了环保产业和环保设备的内涵、外延及其国内外发展动向和趋势,并对废水、废气、固体废物处理以及噪声控制等若干典型设备工作原理、结构特点、运行过程进行介绍。 | |
| 606 | 0 | @a环境保护@Ahuan jing bao hu@x设备@x课程设计@x高等学校@j教材 |
| 690 | @aX505@v4 | |
| 701 | 0 | @a周敬宣@Azhou jing xuan@4主编 |
| 801 | 0 | @aCN@bQSSK@c20080105 |
| 905 | @b275548-52@dX505@eZ777@f5 | |
| 环保设备及课程设计/周敬宣主编.-北京:化学工业出版社,2007.07 |
| 256页:图;26cm |
| 高等学校“十一五”规划教材 |
| ISBN 978-7-122-00690-5:CNY26.00 |
| 本书简要阐述了环保产业和环保设备的内涵、外延及其国内外发展动向和趋势,并对废水、废气、固体废物处理以及噪声控制等若干典型设备工作原理、结构特点、运行过程进行介绍。 |
| ● |
| 相关链接 |
|
|
|
正题名:环保设备及课程设计
索取号:X505/Z777
 
预约/预借
| 序号 | 登录号 | 条形码 | 馆藏地/架位号 | 状态 | 备注 |
| 1 | 275548 | 202755483 | 期刊室512/501自科库 68排4列1层/ [索取号:X505/Z777] | 在馆 | |
| 2 | 275549 | 202755492 | 期刊室512/501自科库 68排4列1层/ [索取号:X505/Z777] | 在馆 | |
| 3 | 275550 | 202755508 | 自科库501/501自科库 68排4列1层/ [索取号:X505/Z777] | 在馆 | |
| 4 | 275551 | 202755517 | 自科库501/501自科库 68排4列1层/ [索取号:X505/Z777] | 在馆 | |
| 5 | 275552 | 202755526 | 期刊室512/501自科库 68排4列1层/ [索取号:X505/Z777] | 在馆 |